[Event "DVM U16w 2024"]
[Site "Neumünster GER"]
[Date "2024.12.28"]
[Round "4"]
[White "Köppel, Clementine"]
[Black "Artemenko, Isabella"]
[Result "0-1"]
[Termination "normal"]
[Board "3.4"]
[WhiteElo "1555"]
[BlackElo "1584"]
[WhiteClock "00:06:48"]
[BlackClock "01:06:16"]
[WhiteTeam "ATSV Oberkotzau"]
[BlackTeam "FC Bayern München"]
[PlyCount "118"]
[WhiteFideId "34605819"]
[BlackFideId "34639616"]
[EventCountry "GER"]
[EventRounds "7"]
[EventType "team-swiss"]
[EventDate "2024.12.26"]

1. e4 {[%clk 01:30:58]} {[%emt 00:00:01]} d5 {[%clk 01:30:56]} {[%emt
00:00:04]} 2. exd5 {[%clk 01:31:18]} {[%emt 00:00:11]} Qxd5 {[%clk 01:31:10]}
{[%emt 00:00:16]} 3. Nc3 {[%clk 01:31:32]} {[%emt 00:00:15]} Qa5 {[%clk
01:31:25]} {[%emt 00:00:14]} 4. d4 {[%clk 01:30:46]} {[%emt 00:01:18]} Nf6
{[%clk 01:31:46]} {[%emt 00:00:08]} 5. Nf3 {[%clk 01:31:04]} {[%emt 00:00:12]}
Bg4 {[%clk 01:31:59]} {[%emt 00:00:16]} 6. Be2 {[%clk 01:29:08]} {[%emt
00:02:26]} Nc6 {[%clk 01:32:09]} {[%emt 00:00:21]} 7. O-O {[%clk 01:23:39]}
{[%emt 00:05:58]} O-O-O {[%clk 01:32:22]} {[%emt 00:00:18]} 8. Be3 {[%emt
00:13:47]} e5 {[%clk 01:32:16]} {[%emt 00:00:34]} 9. Bd2 {[%clk 00:56:35]}
{[%emt 00:14:19]} exd4 {[%clk 01:24:01]} {[%emt 00:08:46]} 10. Ne4 {[%clk
00:42:26]} {[%emt 00:14:38]} Qd5 {[%clk 01:17:53]} {[%emt 00:06:37]} 11. Nxf6
{[%clk 00:40:18]} {[%emt 00:02:38]} gxf6 {[%clk 01:18:18]} {[%emt 00:00:06]}
12. h3 {[%clk 00:36:45]} {[%emt 00:04:03]} Be6 {[%clk 01:15:28]} {[%emt
00:03:20]} 13. b3 {[%clk 00:34:59]} {[%emt 00:02:16]} Qd7 {[%clk 01:14:18]}
{[%emt 00:01:40]} 14. Bb5 {[%clk 00:33:29]} {[%emt 00:02:00]} Rg8 {[%clk
01:11:11]} {[%emt 00:03:38]} 15. Kh1 {[%clk 00:28:09]} {[%emt 00:05:49]} Bxh3
{[%clk 01:11:10]} {[%emt 00:00:31]} 16. Rg1 {[%clk 00:23:25]} {[%emt 00:05:13]}
Bg4 {[%clk 01:09:36]} {[%emt 00:02:05]} 17. Be2 {[%clk 00:22:07]} {[%emt
00:01:49]} Bd6 {[%clk 01:00:09]} {[%emt 00:09:57]} 18. Rc1 {[%clk 00:15:49]}
{[%emt 00:06:47]} Rg7 {[%clk 00:53:07]} {[%emt 00:07:32]} 19. c3 {[%clk
00:08:30]} {[%emt 00:07:49]} Ba3 {[%clk 00:53:27]} {[%emt 00:00:10]} 20. Rc2
{[%clk 00:07:47]} {[%emt 00:01:10]} d3 {[%clk 00:53:40]} {[%emt 00:00:20]} 21.
Bxd3 {[%clk 00:06:33]} {[%emt 00:01:44]} Qxd3 {[%clk 00:54:00]} {[%emt
00:00:10]} 22. Re1 {[%clk 00:04:10]} {[%emt 00:02:53]} Bf5 {[%clk 00:54:10]}
{[%emt 00:00:20]} 23. c4 {[%clk 00:01:11]} {[%emt 00:03:29]} Qxc2 {[%clk
00:54:33]} {[%emt 00:00:07]} 24. Qxc2 {[%clk 00:01:40]} {[%emt 00:00:01]} Bxc2
{[%clk 00:54:52]} {[%emt 00:00:11]} 25. Bc3 {[%clk 00:01:46]} {[%emt 00:00:22]}
Rg6 {[%clk 00:55:08]} {[%emt 00:00:16]} 26. Re2 {[%clk 00:01:06]} {[%emt
00:01:10]} Bd1 {[%clk 00:55:24]} {[%emt 00:00:13]} 27. Re3 {[%clk 00:01:06]}
{[%emt 00:00:31]} Bxf3 {[%clk 00:55:48]} {[%emt 00:00:06]} 28. Rxf3 {[%clk
00:01:30]} {[%emt 00:00:06]} Rd1+ {[%clk 00:56:01]} {[%emt 00:00:17]} 29. Kh2
{[%clk 00:01:49]} {[%emt 00:00:12]} Bd6+ {[%clk 00:56:17]} {[%emt 00:00:13]}
30. g3 {[%clk 00:01:37]} {[%emt 00:00:42]} Rh6+ {[%clk 00:56:39]} {[%emt
00:00:07]} 31. Kg2 {[%clk 00:01:57]} {[%emt 00:00:10]} Rhh1 {[%clk 00:57:05]}
{[%emt 00:00:04]} 32. Rxf6 {[%clk 00:01:53]} {[%emt 00:00:35]} Rhg1+ {[%clk
00:57:23]} {[%emt 00:00:12]} 33. Kh3 {[%emt 00:01:42]} Be5 {[%clk 00:57:36]}
{[%emt 00:00:13]} 34. Rxf7 {[%clk 00:00:35]} {[%emt 00:00:40]} Bxc3 {[%clk
00:57:57]} {[%emt 00:00:09]} 35. Rf8+ {[%clk 00:01:00]} {[%emt 00:00:04]} Rd8
{[%clk 00:58:15]} {[%emt 00:00:12]} 36. Rf7 {[%clk 00:01:22]} {[%emt 00:00:08]}
h6 {[%clk 00:58:33]} {[%emt 00:00:13]} 37. Rh7 {[%clk 00:01:31]} {[%emt
00:00:19]} Rh8 {[%clk 00:58:41]} {[%emt 00:00:24]} 38. Rf7 {[%clk 00:01:41]}
{[%emt 00:00:20]} Ra1 {[%clk 00:58:53]} {[%emt 00:00:18]} 39. Rf3 {[%clk
00:02:00]} {[%emt 00:00:11]} Bd4 {[%clk 00:59:16]} {[%emt 00:00:07]} 40. a4
{[%clk 00:02:13]} {[%emt 00:00:17]} Ra2 {[%clk 00:59:25]} {[%emt 00:00:21]} 41.
Kh4 {[%clk 00:01:55]} {[%emt 00:00:48]} Rg8 {[%clk 00:59:40]} {[%emt 00:00:15]}
42. Kh5 {[%clk 00:02:06]} {[%emt 00:00:19]} Ra1 {[%clk 01:00:05]} {[%emt
00:00:05]} 43. Rf4 {[%clk 00:01:35]} {[%emt 00:01:01]} Bf6 {[%clk 01:00:23]}
{[%emt 00:00:10]} 44. c5 {[%clk 00:01:29]} {[%emt 00:00:37]} Rg5+ {[%clk
01:00:43]} {[%emt 00:00:11]} 45. Kxh6 {[%clk 00:01:47]} {[%emt 00:00:12]} Rh1+
{[%clk 01:01:04]} {[%emt 00:00:08]} 46. Rh4 {[%clk 00:02:12]} {[%emt 00:00:06]}
Rxh4+ {[%clk 01:01:30]} {[%emt 00:00:05]} 47. gxh4 {[%clk 00:02:34]} {[%emt
00:00:07]} Rxc5 {[%clk 01:01:54]} {[%emt 00:00:06]} 48. h5 {[%clk 00:02:53]}
{[%emt 00:00:10]} Rc3 {[%clk 01:02:17]} {[%emt 00:00:08]} 49. Kg6 {[%clk
00:03:16]} {[%emt 00:00:07]} Be5 {[%clk 01:02:39]} {[%emt 00:00:08]} 50. h6
{[%clk 00:03:37]} {[%emt 00:00:09]} Rxb3 {[%clk 01:03:05]} {[%emt 00:00:04]}
51. f4 {[%clk 00:04:01]} {[%emt 00:00:05]} Bxf4 {[%clk 01:03:25]} {[%emt
00:00:10]} 52. h7 {[%clk 00:04:23]} {[%emt 00:00:09]} Be5 {[%clk 01:03:50]}
{[%emt 00:00:06]} 53. Kf5 {[%clk 00:04:44]} {[%emt 00:00:09]} Rh3 {[%clk
01:04:10]} {[%emt 00:00:08]} 54. Kg6 {[%clk 00:05:06]} {[%emt 00:00:09]} Rf3
{[%clk 01:04:32]} {[%emt 00:00:08]} 55. a5 {[%clk 00:05:19]} {[%emt 00:00:17]}
Nxa5 {[%clk 01:04:42]} {[%emt 00:00:20]} 56. h8=N {[%emt 00:00:07]} Bxh8 {[%clk
01:05:00]} {[%emt 00:00:09]} 57. Kh7 {[%clk 00:06:08]} {[%emt 00:00:07]} Rg3
{[%clk 01:05:27]} {[%emt 00:00:03]} 58. Kxh8 {[%clk 00:06:27]} {[%emt
00:00:11]} Kd7 {[%clk 01:05:54]} {[%emt 00:00:03]} 59. Kh7 {[%clk 00:06:48]}
{[%emt 00:00:10]} Ke7 {[%clk 01:06:16]} {[%emt 00:00:08]} 0-1

[Event "DVM U16w 2024"]
[Site "Neumünster GER"]
[Date "2024.12.28"]
[Round "4"]
[White "Neumann, Helena"]
[Black "Scheiding, Sophia"]
[Result "1-0"]
[Termination "normal"]
[Board "4.1"]
[WhiteElo "2041"]
[BlackElo "1672"]
[WhiteClock "00:33:09"]
[BlackClock "00:30:30"]
[WhiteTeam "SG Porz"]
[BlackTeam "Meuselwitzer SV"]
[PlyCount "125"]
[WhiteFideId "16275365"]
[BlackFideId "16287010"]
[EventCountry "GER"]
[EventRounds "7"]
[EventType "team-swiss"]
[EventDate "2024.12.26"]

1. e4 {[%clk 01:30:59]} {[%emt 00:00:01]} e5 {[%clk 01:30:48]} {[%emt
00:00:13]} 2. Nf3 {[%clk 01:31:24]} {[%emt 00:00:03]} Nf6 {[%clk 01:30:45]}
{[%emt 00:00:33]} 3. d4 {[%clk 01:31:50]} {[%emt 00:00:05]} Nxe4 {[%clk
01:29:52]} {[%emt 00:01:23]} 4. Bd3 {[%clk 01:32:14]} {[%emt 00:00:06]} d5
{[%clk 01:28:55]} {[%emt 00:01:27]} 5. Nxe5 {[%clk 01:32:38]} {[%emt 00:00:06]}
Nd7 {[%clk 01:24:57]} {[%emt 00:04:28]} 6. Nc3 {[%clk 01:32:21]} {[%emt
00:00:47]} Nxc3 {[%clk 01:21:47]} {[%emt 00:03:40]} 7. bxc3 {[%clk 01:32:45]}
{[%emt 00:00:05]} Bd6 {[%clk 01:22:07]} {[%emt 00:00:10]} 8. O-O {[%clk
01:30:03]} {[%emt 00:03:13]} O-O {[%clk 01:21:40]} {[%emt 00:00:57]} 9. Re1
{[%clk 01:28:28]} {[%emt 00:02:04]} c6 {[%clk 01:15:37]} {[%emt 00:06:33]} 10.
Qh5 {[%clk 01:21:59]} {[%emt 00:07:00]} Nf6 {[%clk 01:13:48]} {[%emt 00:02:19]}
11. Qh4 {[%clk 01:22:24]} {[%emt 00:00:05]} Ne4 {[%clk 01:09:18]} {[%emt
00:05:00]} 12. Qxd8 {[%clk 01:20:14]} {[%emt 00:02:40]} Rxd8 {[%clk 01:09:13]}
{[%emt 00:00:35]} 13. Bxe4 {[%clk 01:16:12]} {[%emt 00:04:32]} dxe4 {[%clk
01:09:24]} {[%emt 00:00:19]} 14. Rxe4 {[%clk 01:16:31]} {[%emt 00:00:11]} Bf5
{[%clk 01:08:30]} {[%emt 00:01:24]} 15. Re2 {[%clk 01:14:06]} {[%emt 00:02:55]}
Bxe5 {[%clk 01:08:18]} {[%emt 00:00:42]} 16. Rxe5 {[%clk 01:14:30]} {[%emt
00:00:05]} Bxc2 {[%clk 01:08:42]} {[%emt 00:00:06]} 17. Ba3 {[%clk 01:14:44]}
{[%emt 00:00:17]} Rd7 {[%clk 01:05:23]} {[%emt 00:03:49]} 18. Rae1 {[%clk
01:12:18]} {[%emt 00:02:56]} g6 {[%clk 01:03:59]} {[%emt 00:01:54]} 19. g4
{[%clk 01:07:35]} {[%emt 00:05:13]} f5 {[%clk 01:01:35]} {[%emt 00:02:54]} 20.
Re7 {[%clk 01:05:57]} {[%emt 00:02:07]} Rxe7 {[%clk 01:01:25]} {[%emt
00:00:42]} 21. Rxe7 {[%clk 01:06:21]} {[%emt 00:00:05]} b6 {[%clk 01:01:11]}
{[%emt 00:00:44]} 22. Bd6 {[%clk 01:05:33]} {[%emt 00:01:18]} fxg4 {[%clk
01:00:13]} {[%emt 00:01:28]} 23. Be5 {[%clk 01:04:11]} {[%emt 00:01:52]} a5
{[%clk 00:58:42]} {[%emt 00:02:01]} 24. Rg7+ {[%clk 01:04:07]} {[%emt
00:00:33]} Kf8 {[%clk 00:59:06]} {[%emt 00:00:07]} 25. Rxh7 {[%clk 01:04:32]}
{[%emt 00:00:04]} Ra6 {[%clk 00:59:05]} {[%emt 00:00:31]} 26. Kg2 {[%clk
01:03:29]} {[%emt 00:01:34]} b5 {[%clk 00:57:28]} {[%emt 00:02:07]} 27. a3
{[%clk 01:00:48]} {[%emt 00:03:11]} Bf5 {[%clk 00:52:33]} {[%emt 00:05:24]} 28.
Rc7 {[%clk 00:58:18]} {[%emt 00:03:01]} Ke8 {[%clk 00:50:13]} {[%emt 00:02:49]}
29. Kg3 {[%clk 00:56:48]} {[%emt 00:02:00]} b4 {[%clk 00:49:29]} {[%emt
00:01:15]} 30. cxb4 {[%clk 00:57:05]} {[%emt 00:00:13]} axb4 {[%clk 00:49:54]}
{[%emt 00:00:05]} 31. axb4 {[%clk 00:57:26]} {[%emt 00:00:09]} g5 {[%clk
00:49:44]} {[%emt 00:00:39]} 32. Bf6 {[%clk 00:50:01]} {[%emt 00:07:56]} Ra3+
{[%clk 00:49:44]} {[%emt 00:00:30]} 33. f3 {[%clk 00:50:22]} {[%emt 00:00:09]}
Rxf3+ {[%clk 00:49:20]} {[%emt 00:00:54]} 34. Kg2 {[%clk 00:50:47]} {[%emt
00:00:05]} Re3 {[%clk 00:48:20]} {[%emt 00:01:30]} 35. Bxg5 {[%clk 00:49:33]}
{[%emt 00:01:44]} Re4 {[%clk 00:46:07]} {[%emt 00:02:42]} 36. Bf6 {[%clk
00:47:59]} {[%emt 00:02:04]} Re3 {[%clk 00:46:06]} {[%emt 00:00:32]} 37. Be5
{[%clk 00:47:02]} {[%emt 00:01:27]} Rb3 {[%clk 00:45:54]} {[%emt 00:00:42]} 38.
Bd6 {[%clk 00:46:23]} {[%emt 00:01:08]} Bd7 {[%clk 00:42:45]} {[%emt 00:03:39]}
39. Ra7 {[%clk 00:45:43]} {[%emt 00:01:10]} Rd3 {[%clk 00:41:32]} {[%emt
00:01:44]} 40. Bc5 {[%clk 00:44:20]} {[%emt 00:01:53]} Rd2+ {[%clk 00:41:41]}
{[%emt 00:00:21]} 41. Kg3 {[%clk 00:43:36]} {[%emt 00:01:14]} Rd3+ {[%clk
00:41:39]} {[%emt 00:00:32]} 42. Kf4 {[%clk 00:35:00]} {[%emt 00:09:05]} Rf3+
{[%clk 00:39:27]} {[%emt 00:02:42]} 43. Ke5 {[%clk 00:33:54]} {[%emt 00:01:37]}
Rf5+ {[%clk 00:35:23]} {[%emt 00:04:33]} 44. Kd6 {[%clk 00:32:40]} {[%emt
00:01:45]} Rd5+ {[%clk 00:35:15]} {[%emt 00:00:37]} 45. Kc7 {[%clk 00:33:06]}
{[%emt 00:00:05]} Bf5 {[%clk 00:30:14]} {[%emt 00:05:30]} 46. Kxc6 {[%clk
00:32:03]} {[%emt 00:01:34]} Rd7 {[%clk 00:30:00]} {[%emt 00:00:44]} 47. Rxd7
{[%clk 00:30:53]} {[%emt 00:01:40]} Bxd7+ {[%clk 00:30:25]} {[%emt 00:00:05]}
48. Kc7 {[%clk 00:31:11]} {[%emt 00:00:12]} Bb5 {[%clk 00:30:28]} {[%emt
00:00:27]} 49. Bd6 {[%clk 00:31:24]} {[%emt 00:00:17]} Ba4 {[%clk 00:30:09]}
{[%emt 00:00:49]} 50. Bg3 {[%clk 00:31:43]} {[%emt 00:00:11]} Ke7 {[%clk
00:28:53]} {[%emt 00:01:46]} 51. d5 {[%clk 00:31:53]} {[%emt 00:00:20]} Ke8
{[%clk 00:28:27]} {[%emt 00:00:56]} 52. d6 {[%clk 00:32:10]} {[%emt 00:00:13]}
Bb5 {[%clk 00:28:37]} {[%emt 00:00:21]} 53. Kb6 {[%clk 00:32:31]} {[%emt
00:00:08]} Bd7 {[%clk 00:28:50]} {[%emt 00:00:17]} 54. b5 {[%clk 00:30:23]}
{[%emt 00:02:38]} Kd8 {[%clk 00:29:10]} {[%emt 00:00:10]} 55. Ka6 {[%clk
00:30:48]} {[%emt 00:00:05]} Kc8 {[%clk 00:29:21]} {[%emt 00:00:18]} 56. b6
{[%clk 00:31:08]} {[%emt 00:00:10]} Bc6 {[%clk 00:29:47]} {[%emt 00:00:05]} 57.
Ka7 {[%clk 00:30:44]} {[%emt 00:00:54]} Be4 {[%clk 00:29:36]} {[%emt 00:00:41]}
58. b7+ {[%clk 00:31:02]} {[%emt 00:00:12]} Bxb7 {[%clk 00:30:01]} {[%emt
00:00:06]} 59. d7+ {[%clk 00:31:28]} {[%emt 00:00:03]} Kxd7 {[%clk 00:30:22]}
{[%emt 00:00:08]} 60. Kxb7 {[%clk 00:31:56]} {[%emt 00:00:03]} Ke6 {[%clk
00:30:46]} {[%emt 00:00:06]} 61. Kc6 {[%clk 00:32:17]} {[%emt 00:00:09]} Kf5
{[%clk 00:30:52]} {[%emt 00:00:23]} 62. Kd5 {[%clk 00:32:44]} {[%emt 00:00:04]}
Kg5 {[%clk 00:30:30]} {[%emt 00:00:52]} 63. Ke5 {[%clk 00:33:09]} {[%emt
00:00:05]} 1-0

[Event "DVM U16w 2024"]
[Site "Neumünster GER"]
[Date "2024.12.28"]
[Round "4"]
[White "Ignatova, Gabriela"]
[Black "Göb, Franziska"]
[Result "1/2-1/2"]
[Termination "normal"]
[Board "4.2"]
[WhiteElo "1595"]
[BlackElo "1573"]
[WhiteClock "00:23:56"]
[BlackClock "00:09:52"]
[WhiteTeam "Meuselwitzer SV"]
[BlackTeam "SG Porz"]
[PlyCount "48"]
[WhiteFideId "34623698"]
[BlackFideId "16293177"]
[EventCountry "GER"]
[EventRounds "7"]
[EventType "team-swiss"]
[EventDate "2024.12.26"]

1. e4 {[%clk 01:30:57]} {[%emt 00:00:02]} e5 {[%clk 01:30:56]} {[%emt
00:00:04]} 2. f4 {[%clk 01:31:16]} {[%emt 00:00:11]} exf4 {[%clk 01:31:19]}
{[%emt 00:00:07]} 3. Nf3 {[%clk 01:31:38]} {[%emt 00:00:08]} Ne7 {[%clk
01:31:41]} {[%emt 00:00:08]} 4. Nc3 {[%clk 01:31:49]} {[%emt 00:00:18]} d5
{[%clk 01:32:05]} {[%emt 00:00:06]} 5. d4 {[%clk 01:31:25]} {[%emt 00:00:54]}
dxe4 {[%clk 01:25:37]} {[%emt 00:06:59]} 6. Nxe4 {[%clk 01:31:14]} {[%emt
00:00:41]} Ng6 {[%clk 01:24:01]} {[%emt 00:02:06]} 7. Bc4 {[%clk 01:22:52]}
{[%emt 00:08:52]} Be7 {[%clk 01:14:14]} {[%emt 00:10:16]} 8. Qd3 {[%clk
01:14:30]} {[%emt 00:08:52]} Nd7 {[%clk 01:02:47]} {[%emt 00:11:58]} 9. Bd2
{[%clk 01:11:58]} {[%emt 00:03:02]} O-O {[%clk 00:55:07]} {[%emt 00:08:09]} 10.
O-O-O {[%clk 01:10:18]} {[%emt 00:02:11]} a5 {[%clk 00:49:47]} {[%emt
00:05:50]} 11. h4 {[%clk 01:10:04]} {[%emt 00:00:43]} Nb6 {[%clk 00:38:05]}
{[%emt 00:12:11]} 12. h5 {[%clk 01:00:39]} {[%emt 00:09:56]} Nh8 {[%clk
00:30:22]} {[%emt 00:08:12]} 13. Bxf4 {[%clk 00:58:32]} {[%emt 00:02:38]} Nxc4
{[%clk 00:27:39]} {[%emt 00:03:13]} 14. Qxc4 {[%clk 00:54:19]} {[%emt
00:04:43]} c6 {[%clk 00:24:33]} {[%emt 00:03:36]} 15. Kb1 {[%clk 00:53:37]}
{[%emt 00:01:12]} Be6 {[%clk 00:23:56]} {[%emt 00:01:07]} 16. Qd3 {[%clk
00:51:51]} {[%emt 00:02:17]} h6 {[%clk 00:22:29]} {[%emt 00:01:56]} 17. g4
{[%clk 00:51:12]} {[%emt 00:01:09]} f5 {[%clk 00:20:08]} {[%emt 00:02:51]} 18.
gxf5 {[%clk 00:48:50]} {[%emt 00:02:52]} Bxf5 {[%clk 00:20:02]} {[%emt
00:00:36]} 19. Rdg1 {[%clk 00:48:30]} {[%emt 00:00:50]} Nf7 {[%clk 00:18:07]}
{[%emt 00:02:25]} 20. Qe3 {[%clk 00:34:27]} {[%emt 00:14:33]} Kh7 {[%clk
00:16:15]} {[%emt 00:02:22]} 21. Ne5 {[%clk 00:30:59]} {[%emt 00:03:58]} Qd5
{[%clk 00:14:08]} {[%emt 00:02:34]} 22. Nc3 {[%clk 00:29:44]} {[%emt 00:01:49]}
Qe6 {[%clk 00:13:23]} {[%emt 00:01:13]} 23. Rg6 {[%clk 00:25:34]} {[%emt
00:04:41]} Qc8 {[%clk 00:10:43]} {[%emt 00:03:10]} 24. Rg2 {[%clk 00:23:56]}
{[%emt 00:02:08]} Nxe5 {[%clk 00:09:52]} {[%emt 00:01:21]} 1/2-1/2

[Event "DVM U16w 2024"]
[Site "Neumünster GER"]
[Date "2024.12.28"]
[Round "4"]
[White "Siegel, Irene"]
[Black "Brauer, Celiene"]
[Result "1/2-1/2"]
[Termination "normal"]
[Board "4.3"]
[WhiteElo "1612"]
[BlackElo "1611"]
[WhiteClock "00:32:07"]
[BlackClock "00:54:34"]
[WhiteTeam "SG Porz"]
[BlackTeam "Meuselwitzer SV"]
[PlyCount "42"]
[WhiteFideId "16284380"]
[BlackFideId "34663622"]
[EventCountry "GER"]
[EventRounds "7"]
[EventType "team-swiss"]
[EventDate "2024.12.26"]

1. e4 {[%clk 01:30:57]} {[%emt 00:00:02]} e5 {[%clk 01:30:54]} {[%emt
00:00:06]} 2. Nf3 {[%clk 01:31:03]} {[%emt 00:00:24]} Nc6 {[%clk 01:31:14]}
{[%emt 00:00:11]} 3. d4 {[%clk 01:31:09]} {[%emt 00:00:22]} exd4 {[%clk
01:31:32]} {[%emt 00:00:12]} 4. Nxd4 {[%clk 01:31:32]} {[%emt 00:00:08]} Nf6
{[%clk 01:31:53]} {[%emt 00:00:09]} 5. Nc3 {[%clk 01:31:41]} {[%emt 00:00:22]}
Bb4 {[%clk 01:30:42]} {[%emt 00:01:40]} 6. Nxc6 {[%clk 01:32:02]} {[%emt
00:00:10]} bxc6 {[%clk 01:31:05]} {[%emt 00:00:07]} 7. Bd3 {[%clk 01:32:23]}
{[%emt 00:00:09]} d5 {[%clk 01:30:49]} {[%emt 00:00:45]} 8. exd5 {[%clk
01:32:38]} {[%emt 00:00:16]} cxd5 {[%clk 01:31:09]} {[%emt 00:00:10]} 9. O-O
{[%clk 01:32:59]} {[%emt 00:00:07]} O-O {[%clk 01:31:19]} {[%emt 00:00:21]} 10.
Bg5 {[%clk 01:29:29]} {[%emt 00:04:00]} c6 {[%clk 01:30:53]} {[%emt 00:00:56]}
11. Ne2 {[%clk 01:28:50]} {[%emt 00:01:09]} Be7 {[%clk 01:29:09]} {[%emt
00:02:14]} 12. Nd4 {[%clk 01:19:17]} {[%emt 00:10:03]} Qb6 {[%clk 01:24:22]}
{[%emt 00:05:13]} 13. Nb3 {[%clk 01:10:53]} {[%emt 00:08:57]} c5 {[%clk
01:21:48]} {[%emt 00:03:04]} 14. c4 {[%clk 01:10:24]} {[%emt 00:01:00]} Bb7
{[%clk 01:11:14]} {[%emt 00:10:59]} 15. Rb1 {[%clk 00:57:12]} {[%emt 00:13:47]}
Rad8 {[%clk 01:10:42]} {[%emt 00:01:01]} 16. Qc2 {[%clk 00:57:21]} {[%emt
00:00:21]} dxc4 {[%clk 01:08:49]} {[%emt 00:02:24]} 17. Qxc4 {[%clk 00:47:46]}
{[%emt 00:10:05]} Rfe8 {[%clk 01:08:14]} {[%emt 00:01:04]} 18. Qb5 {[%clk
00:43:50]} {[%emt 00:04:26]} Qc7 {[%clk 01:07:32]} {[%emt 00:01:11]} 19. Bxf6
{[%clk 00:40:08]} {[%emt 00:04:14]} gxf6 {[%clk 01:00:05]} {[%emt 00:07:57]}
20. Qc4 {[%clk 00:35:51]} {[%emt 00:04:43]} Qe5 {[%clk 00:54:34]} {[%emt
00:06:03]} 21. Qg4+ {[%clk 00:32:07]} {[%emt 00:04:14]} Qg5 {[%clk 00:54:34]}
{[%emt 00:00:30]} 1/2-1/2

[Event "DVM U16w 2024"]
[Site "Neumünster GER"]
[Date "2024.12.28"]
[Round "4"]
[White "Sniegowski, Victoria"]
[Black "Daaboul, Shaimaa"]
[Result "0-1"]
[Termination "normal"]
[Board "4.4"]
[WhiteElo "1536"]
[BlackElo "1143"]
[WhiteClock "00:52:38"]
[BlackClock "00:21:23"]
[WhiteTeam "Meuselwitzer SV"]
[BlackTeam "SG Porz"]
[PlyCount "67"]
[WhiteFideId "34675612"]
[BlackFideId "34640215"]
[EventCountry "GER"]
[EventRounds "7"]
[EventType "team-swiss"]
[EventDate "2024.12.26"]

1. e4 {[%clk 01:30:57]} {[%emt 00:00:03]} c6 {[%clk 01:30:52]} {[%emt
00:00:09]} 2. d4 {[%clk 01:31:19]} {[%emt 00:00:08]} d5 {[%clk 01:31:19]}
{[%emt 00:00:03]} 3. exd5 {[%clk 01:31:39]} {[%emt 00:00:10]} cxd5 {[%clk
01:31:42]} {[%emt 00:00:06]} 4. Bd3 {[%clk 01:31:59]} {[%emt 00:00:10]} Nc6
{[%clk 01:31:48]} {[%emt 00:00:24]} 5. c3 {[%clk 01:32:19]} {[%emt 00:00:10]}
e5 {[%clk 01:31:16]} {[%emt 00:01:02]} 6. dxe5 {[%clk 01:30:44]} {[%emt
00:02:06]} Nxe5 {[%clk 01:31:00]} {[%emt 00:00:46]} 7. Bc2 {[%clk 01:30:15]}
{[%emt 00:00:59]} Bc5 {[%clk 01:29:49]} {[%emt 00:01:40]} 8. Ne2 {[%clk
01:29:03]} {[%emt 00:01:43]} Nf6 {[%clk 01:25:38]} {[%emt 00:04:41]} 9. O-O
{[%clk 01:27:34]} {[%emt 00:01:58]} O-O {[%clk 01:25:26]} {[%emt 00:00:43]} 10.
Bf4 {[%clk 01:27:28]} {[%emt 00:00:35]} Bd6 {[%clk 01:23:39]} {[%emt 00:02:17]}
11. Nd4 {[%clk 01:24:58]} {[%emt 00:03:01]} Re8 {[%clk 01:17:48]} {[%emt
00:06:21]} 12. Nd2 {[%clk 01:22:01]} {[%emt 00:03:27]} Bg4 {[%clk 01:10:15]}
{[%emt 00:08:03]} 13. Qc1 {[%clk 01:19:21]} {[%emt 00:03:09]} Nh5 {[%clk
01:02:55]} {[%emt 00:07:50]} 14. Bxe5 {[%clk 01:12:12]} {[%emt 00:07:40]} Bxe5
{[%clk 01:02:09]} {[%emt 00:01:15]} 15. N4f3 {[%clk 01:10:41]} {[%emt
00:02:00]} Bf4 {[%clk 00:59:26]} {[%emt 00:03:13]} 16. Qd1 {[%clk 01:09:54]}
{[%emt 00:01:14]} Qc7 {[%clk 00:54:21]} {[%emt 00:05:39]} 17. g3 {[%clk
01:08:07]} {[%emt 00:02:17]} Bxd2 {[%clk 00:52:10]} {[%emt 00:02:41]} 18. Qxd2
{[%clk 01:07:00]} {[%emt 00:01:37]} Bxf3 {[%clk 00:50:52]} {[%emt 00:01:48]}
19. Qg5 {[%clk 01:06:42]} {[%emt 00:00:46]} Nf6 {[%clk 00:46:10]} {[%emt
00:05:14]} 20. Qd2 {[%clk 01:04:42]} {[%emt 00:02:29]} Qd7 {[%clk 00:44:20]}
{[%emt 00:02:22]} 21. Qf4 {[%clk 01:04:01]} {[%emt 00:01:07]} Be4 {[%clk
00:43:33]} {[%emt 00:01:18]} 22. Bb3 {[%clk 01:02:45]} {[%emt 00:01:48]} h6
{[%clk 00:39:57]} {[%emt 00:04:07]} 23. Rfe1 {[%clk 01:02:02]} {[%emt
00:01:12]} Nh5 {[%clk 00:35:30]} {[%emt 00:04:57]} 24. Qh4 {[%clk 01:00:01]}
{[%emt 00:02:32]} Qf5 {[%clk 00:33:41]} {[%emt 00:02:17]} 25. g4 {[%clk
00:59:30]} {[%emt 00:01:02]} Qf3 {[%clk 00:26:48]} {[%emt 00:07:22]} 26. Kf1
{[%clk 00:59:36]} {[%emt 00:00:25]} Qg2+ {[%clk 00:26:10]} {[%emt 00:01:08]}
27. Ke2 {[%clk 00:59:51]} {[%emt 00:00:15]} Nf4+ {[%clk 00:24:47]} {[%emt
00:01:53]} 28. Kd2 {[%clk 00:59:43]} {[%emt 00:00:38]} Qf3 {[%clk 00:22:33]}
{[%emt 00:02:42]} 29. Re3 {[%clk 00:59:25]} {[%emt 00:00:49]} Ng2 {[%clk
00:21:56]} {[%emt 00:01:08]} 30. Rxf3 {[%clk 00:58:26]} {[%emt 00:01:29]} Nxh4
{[%clk 00:22:03]} {[%emt 00:00:23]} 31. Rh3 {[%clk 00:58:13]} {[%emt 00:00:42]}
Nf3+ {[%clk 00:21:55]} {[%emt 00:00:40]} 32. Ke3 {[%clk 00:57:51]} {[%emt
00:00:52]} Ng5 {[%clk 00:21:31]} {[%emt 00:00:53]} 33. Rh5 {[%clk 00:57:05]}
{[%emt 00:01:15]} Bg6+ {[%clk 00:21:23]} {[%emt 00:00:39]} 34. Kf4 {[%clk
00:52:38]} {[%emt 00:04:57]} 0-1